| 000 | 00000nas##2200000za#4500 |
|---|---|
| 001 | 9.503512 |
| 003 | CaOODSP |
| 005 | 20200325121529 |
| 007 | cr ||||||||||| |
| 008 | 150406c1997||||xxc|| m o||||f| |0fre|d |
| 040 | |aCaOODSP|bfre |
| 043 | |an-cn--- |
| 086 | 1 |aD83-5F-PDF |
| 110 | 1 |aCanada.|bProtection civile Canada. |
| 245 | 10|aRapport de projet |h[ressource électronique] |
| 260 | |aOttawa - Ontario : |bProtection civile Canada |
| 691 | 07|aProtection civile|2gcpds |
| 775 | 08|tProject report |w(CaOODSP)9.507119 |
| 776 | 0#|tRapport de projet |w(CaOODSP)9.512913 |